2000 địa chỉ chọn lọc trên Internet /

Spremljeno u:
Bibliografski detalji
Glavni autor: Nguyễn Văn Hoàng
Daljnji autori: Lê Minh Trung
Format: Sách giấy
Jezik:Vietnamese
Izdano: Hà Nội : Thống kê , 2000
Oznake: Dodaj oznaku
Bez oznaka, Budi prvi tko označuje ovaj zapis!
Thư viện lưu trữ: Thư viện Trường Đại học Đà Lạt
LEADER 00653nam a2200265 4500
001 DLU020013644
005 ##6/19/2000
020 # # |a 978- 
041 # # |a vie 
082 # # |a 004.67  |b NG-H 
090 # # |a 004.67  |b NG-H 
100 # # |a Nguyễn Văn Hoàng 
245 # # |a 2000 địa chỉ chọn lọc trên Internet /  |c Nguyễn Văn Hoàng, Lê Minh Trung 
260 # # |a Hà Nội :  |b Thống kê ,  |c 2000 
300 # # |a 420 tr.;   |c 21 cm. 
700 # # |a Lê Minh Trung 
992 # # |a 36000 
994 # # |a DLU 
900 # # |a False 
911 # # |a Administrator 
925 # # |a G 
926 # # |a A 
927 # # |a SH 
980 # # |a Thư viện Trường Đại học Đà Lạt